Normal view
MARC view
- Villanueva, Clarice L.
Entry Personal Name
001 - CONTROL NUMBER
- control field: 19221
003 - CONTROL NUMBER IDENTIFIER
- control field: OSt
005 - DATE AND TIME OF LATEST TRANSACTION
- control field: 20170309140830.0
008 - FIXED-LENGTH DATA ELEMENTS
- fixed length control field: 170309|| aca||aabn | a|a d
040 ## - CATALOGING SOURCE
- Original cataloging agency: OSt
100 ## - HEADING--PERSONAL NAME
- Personal name: Villanueva, Clarice L.
